[Event "Ludwigshafen-ch 21st"]
[Site "Ludwigshafen"]
[Date "2007.08.25"]
[Round "1"]
[White "Popp, Klaus"]
[Black "Abshagen, Hartwig"]
[Result "1-0"]
[WhiteElo "1880"]
[BlackElo "1406"]
[PlyCount "65"]
[EventDate "2007.08.25"]
[EventType "swiss"]
[EventRounds "7"]
[EventCountry "GER"]
[SourceTitle "EXT 2008"]
[Source "ChessBase"]
[SourceDate "2007.11.25"]
[SourceVersion "1"]
[SourceVersionDate "2007.11.25"]
[SourceQuality "1"]

1. f4 f5 2. Nf3 d6 3. b3 Nc6 4. Bb2 Nf6 5. e3 a6 6. Nc3 e6 7. Bd3 Be7 8. Qe2 0-0 9. 0-0-0 e5 10. fxe5 dxe5 11. Bc4+ Kh8 12. Ng5 Qe8 13. Ne6 Bxe6 14. Bxe6 Qh5 15. Qxh5 Nxh5 16. Rhf1 g6 17. g4 Ng7 18. gxf5 gxf5 19. Bd5 Bd6 20. Ne2 Rab8 21. Rg1 Nb4 22. Nc3 c6 23. Bc4 b5 24. Be2 Rg8 25. Rdf1 Rbf8 26. e4 a5 27. a3 Na6 28. a4 b4 29. Bxa6 bxc3 30. Bxc3 fxe4 31. Bc4 Rxf1+ 32. Rxf1 Ba3+ 33. Kd1 1-0